[Event "FIDE WYCC 2016 U14 boys"]
[Site "Khanty Mansiysk"]
[Date "2016.09.24"]
[Round "3.33"]
[White "Balashov, Egor"]
[Black "Chursin, Aleksandr"]
[Result "1-0"]
[WhiteElo "1799"]
[BlackElo "1675"]
[Annotator "Reinhold Goldau"]
[PlyCount "59"]
[EventDate "2016.09.??"]
[EventType "swiss"]
[EventRounds "11"]
[EventCountry "RUS"]
[SourceTitle "Youth Database"]
[Source "CBase R.Goldau"]
[SourceDate "2000.03.01"]

1. d4 Nf6 2. Nf3 c5 3. d5 b5 4. Bg5 e6 5. Nc3 Qa5 6. Bxf6 gxf6 7. a4 b4 8. Ne4
Bg7 9. Nfd2 Qc7 10. Nc4 O-O 11. Ned6 Ba6 12. g4 Bxc4 13. Nxc4 Qf4 14. e3 Qe4
15. Rg1 exd5 16. Bg2 Qe7 17. Qxd5 Nc6 18. O-O-O Rfd8 19. Nd6 Qe6 20. Nb7 Re8
21. Nxc5 Qxg4 22. Bf3 Qh4 23. Rg4 Qxf2 24. Rdg1 Qxe3+ 25. Kb1 Ne5 26. Rxg7+ Kh8
27. Be4 Ng6 28. Rxh7+ Kxh7 29. Qxf7+ Kh8 30. Qxf6+ 1-0

[Event "FIDE WYCC 2016 U14 boys"]
[Site "Khanty Mansiysk"]
[Date "2016.09.24"]
[Round "3.34"]
[White "Hafstad, Leif"]
[Black "Varbanov, Vladimir"]
[Result "0-1"]
[WhiteElo "1705"]
[BlackElo "1794"]
[Annotator "Reinhold Goldau"]
[PlyCount "124"]
[EventDate "2016.09.??"]
[EventType "swiss"]
[EventRounds "11"]
[EventCountry "RUS"]
[SourceTitle "Youth Database"]
[Source "CBase R.Goldau"]
[SourceDate "2000.03.01"]

1. e4 e6 2. d4 d5 3. Nd2 c5 4. exd5 Qxd5 5. Ndf3 Nc6 6. Be3 c4 7. c3 Nf6 8. g3
Be7 9. Bg2 Bd7 10. Ne2 b5 11. O-O b4 12. Qc2 Qb5 13. Nf4 Rc8 14. Rfd1 O-O 15.
Rd2 Bd6 16. Rad1 Ne7 17. Ne5 Be8 18. Nf3 Qa5 19. Ra1 bxc3 20. bxc3 Ba4 21. Qc1
Ne4 22. Re2 Nxc3 23. Re1 Ncd5 24. Nxd5 Nxd5 25. Ng5 Nxe3 26. Qxe3 Bb4 27. Re2
h6 28. Ne4 c3 29. a3 Bb5 30. Rc2 Rc7 31. Raa2 Be7 32. Rxc3 Rxc3 33. Qxc3 Qxc3
34. Nxc3 Bc4 35. Ra1 Rd8 36. Rd1 Bxa3 37. d5 Bb4 38. dxe6 Rxd1+ 39. Nxd1 Bxe6
40. Ne3 a5 41. Nd5 Bc5 42. Nc3 Bd4 43. Nb5 Bb2 44. Nc7 Bb3 45. Bd5 Bxd5 46.
Nxd5 f6 47. f4 g6 48. Kf1 Kf7 49. Ke2 Ke6 50. Ne3 a4 51. Kd3 a3 52. Kc2 Bd4 53.
Kb3 Bxe3 54. Kxa3 Kf5 55. Kb3 Kg4 56. Kc4 Kh3 57. Kd3 Kxh2 58. Kxe3 Kxg3 59. f5
gxf5 60. Ke2 f4 61. Kf1 Kf3 62. Kg1 Ke2 0-1

[Event "FIDE WYCC 2016 U14 boys"]
[Site "Khanty Mansiysk"]
[Date "2016.09.24"]
[Round "3.35"]
[White "Sabirov, Timur"]
[Black "Kakuk, Tibor"]
[Result "1-0"]
[WhiteElo "1791"]
[BlackElo "1622"]
[Annotator "Reinhold Goldau"]
[PlyCount "67"]
[EventDate "2016.09.??"]
[EventType "swiss"]
[EventRounds "11"]
[EventCountry "RUS"]
[SourceTitle "Youth Database"]
[Source "CBase R.Goldau"]
[SourceDate "2000.03.01"]

1. c4 e5 2. Nc3 Nf6 3. d3 d5 4. cxd5 Nxd5 5. e4 Nb4 6. a3 N4a6 7. b4 c6 8. Be3
Be6 9. Nge2 Nc7 10. f4 exf4 11. Nxf4 Bd6 12. d4 O-O 13. Be2 Nd7 14. O-O Nb6 15.
Nxe6 Nxe6 16. g3 Qe7 17. Qb3 Ng5 18. Qc2 Bc7 19. Rf5 Ne6 20. Rd1 g6 21. Rff1
Rad8 22. d5 cxd5 23. exd5 Ng7 24. Bc5 Bd6 25. Ne4 Bxc5+ 26. bxc5 Nxd5 27. Rxd5
Nf5 28. Rxd8 Rxd8 29. Rf4 Qe5 30. Bg4 Qd4+ 31. Qf2 Ne3 32. Nf6+ Qxf6 33. Rxf6
Nxg4 34. Qf4 1-0

[Event "FIDE WYCC 2016 U14 boys"]
[Site "Khanty Mansiysk"]
[Date "2016.09.24"]
[Round "3.36"]
[White "Ryabov, Georgi"]
[Black "Vaino, Nikita"]
[Result "1/2-1/2"]
[WhiteElo "1572"]
[BlackElo "1781"]
[Annotator "Reinhold Goldau"]
[PlyCount "96"]
[EventDate "2016.09.??"]
[EventType "swiss"]
[EventRounds "11"]
[EventCountry "RUS"]
[SourceTitle "Youth Database"]
[Source "CBase R.Goldau"]
[SourceDate "2000.03.01"]

1. d4 d5 2. e3 Nf6 3. f4 e6 4. Nf3 c5 5. c3 Nc6 6. Bd3 Ne4 7. Nbd2 f5 8. O-O
Be7 9. Ne5 Nxe5 10. fxe5 O-O 11. Nxe4 fxe4 12. Be2 Rxf1+ 13. Bxf1 Bd7 14. Bd2
b5 15. b4 c4 16. g3 Be8 17. Bh3 Bf7 18. a4 a6 19. axb5 axb5 20. Qb1 h5 21. Ra2
g5 22. g4 h4 23. Bg2 Be8 24. Qa1 Bc6 25. h3 Qc8 26. Bc1 Ra4 27. Rxa4 bxa4 28.
Ba3 Qe8 29. Bf1 Bb5 30. Be2 Kg7 31. Kg2 Bd8 32. Bd1 Qf7 33. Bc1 Be7 34. Kg1 Qe8
35. Bd2 Kg6 36. Be1 Qd7 37. Bf2 Bd8 38. Be2 Qe8 39. Bd1 Qd7 40. Be2 Qc6 41. Bd1
Bb6 42. Be2 Bd8 43. Bd1 Kf7 44. Kg2 Qd7 45. Be2 Qc6 46. Bd1 Kg7 47. Kg1 Qd7 48.
Be2 Kh6 1/2-1/2

[Event "FIDE WYCC 2016 U14 boys"]
[Site "Khanty Mansiysk"]
[Date "2016.09.24"]
[Round "3.37"]
[White "Horn, Aldo"]
[Black "Essa, Naseem Ahmed"]
[Result "0-1"]
[WhiteElo "1307"]
[BlackElo "1771"]
[Annotator "Reinhold Goldau"]
[PlyCount "65"]
[EventDate "2016.09.??"]
[EventType "swiss"]
[EventRounds "11"]
[EventCountry "RUS"]
[SourceTitle "Youth Database"]
[Source "CBase R.Goldau"]
[SourceDate "2000.03.01"]

1. e4 c5 2. Nc3 Nc6 3. f4 e6 4. Bc4 a6 5. a4 Nge7 6. d3 d5 7. Bb3 g6 8. exd5
exd5 9. Qe2 Be6 10. Bd2 Bg7 11. Ba2 Nd4 12. Qd1 Nef5 13. Nf3 Nxf3+ 14. Qxf3 Nd4
15. Qd1 Qh4+ 16. g3 Qh3 17. Kf2 O-O-O 18. Qf1 Nxc2 19. Qxh3 Bxh3 20. Rac1 Bd4+
21. Kf3 Nb4 22. Bb1 h5 23. Be3 Bxe3 24. Kxe3 d4+ 25. Kd2 dxc3+ 26. Rxc3 b6 27.
Re1 Rd7 28. Re4 Kb7 29. a5 Bf5 30. Rec4 Rxd3+ 31. Bxd3 Rd8 32. Kc1 Rxd3 33.
axb6 0-1

[Event "FIDE WYCC 2016 U14 boys"]
[Site "Khanty Mansiysk"]
[Date "2016.09.25"]
[Round "4.1"]
[White "Semjonovs, Ilja"]
[Black "Esipenko, Andrey"]
[Result "1/2-1/2"]
[WhiteElo "2245"]
[BlackElo "2490"]
[Annotator "Reinhold Goldau"]
[PlyCount "174"]
[EventDate "2016.09.??"]
[EventType "swiss"]
[EventRounds "11"]
[EventCountry "RUS"]
[SourceTitle "Youth Database"]
[Source "CBase R.Goldau"]
[SourceDate "2000.03.01"]
[WhiteClock "0:01:00"]
[BlackClock "0:02:31"]

1. e4 e5 2. Nf3 Nc6 3. Bb5 a6 4. Ba4 Nf6 5. O-O Be7 6. Re1 b5 7. Bb3 d6 8. a4
Bd7 9. c3 O-O 10. h3 Na5 11. Bc2 c5 12. d4 Qc7 13. dxe5 dxe5 14. Bg5 Be6 15.
Nbd2 Rfd8 16. Qe2 c4 17. axb5 axb5 18. Nf1 Nh5 19. Bxe7 Nf4 20. Qe3 Qxe7 21.
Qb6 Nb3 22. Rxa8 Rxa8 23. Bxb3 cxb3 24. Qxb5 Qa7 25. Ne3 Rb8 26. Qf1 Qa2 27.
Nxe5 Qxb2 28. Nd3 Nxd3 29. Qxd3 Qa2 30. c4 h6 31. Qb1 Qa5 32. Rd1 Qb4 33. Qb2
Bxc4 34. Nxc4 Qxc4 35. f3 Ra8 36. Rb1 Rb8 37. Kh2 Qe6 38. Kh1 Kh7 39. Kh2 Rb7
40. Kh1 Rc7 41. Kh2 Rb7 42. Kh1 h5 43. Kh2 h4 44. Qf2 Qf6 45. Qb2 Qxb2 46. Rxb2
Kg6 47. Kg1 Kg5 48. Kf2 Kf4 49. Ke2 f6 50. Kf2 Rb6 51. Ke2 Rb8 52. Kf2 Rb7 53.
Ke2 g6 54. Kf2 f5 55. exf5 Kxf5 56. Ke3 g5 57. Ke2 Kf4 58. Kf2 Rb5 59. Ke2 Re5+
60. Kd3 Rb5 61. Ke2 Rb7 62. Kf2 Rb8 63. Ke2 Kg3 64. Ke3 Ra8 65. Ke4 Rb8 66. Kf5
Rb5+ 67. Ke4 Rc5 68. Ke3 Rc2 69. Rxb3 Rxg2 70. Rb5 Kxh3 71. Rb8 Kh2 72. Rh8 Kh3
73. Rh5 Rg1 74. Kf2 Rg3 75. Rh8 Rg2+ 76. Ke3 Ra2 77. Rg8 Ra5 78. Kf2 Rf5 79.
Rg7 Kh2 80. Rg8 h3 81. Rg7 Ra5 82. Rg8 Ra2+ 83. Kf1 Kg3 84. Rxg5+ Kxf3 85. Rf5+
Kg4 86. Rf2 Ra1+ 87. Ke2 h2 1/2-1/2

[Event "FIDE WYCC 2016 U14 boys"]
[Site "Khanty Mansiysk"]
[Date "2016.09.25"]
[Round "4.2"]
[White "Bharambe, Bhavik C"]
[Black "Lomasov, Semen"]
[Result "0-1"]
[WhiteElo "2104"]
[BlackElo "2393"]
[Annotator "Reinhold Goldau"]
[PlyCount "80"]
[EventDate "2016.09.??"]
[EventType "swiss"]
[EventRounds "11"]
[EventCountry "RUS"]
[SourceTitle "Youth Database"]
[Source "CBase R.Goldau"]
[SourceDate "2000.03.01"]
[WhiteClock "0:34:18"]
[BlackClock "0:33:08"]

1. d4 Nf6 2. c4 c5 3. d5 b5 4. cxb5 a6 5. b6 d6 6. Nc3 g6 7. e4 Bg7 8. Nf3 Nbd7
9. a4 Qxb6 10. a5 Qb4 11. Ra4 Qb7 12. Be2 O-O 13. O-O Rb8 14. Nd2 Ne8 15. Nc4
Nc7 16. Ra1 Nb5 17. Na4 Nd4 18. Nab6 Nxb6 19. Nxb6 Nxe2+ 20. Qxe2 Rd8 21. Bf4
Bd7 22. Rfe1 Bb5 23. Qc2 Qc7 24. Rac1 e5 25. dxe6 fxe6 26. Red1 Qe7 27. Rd2 Bd4
28. Rcd1 Rf8 29. Bg3 e5 30. b4 h5 31. h4 g5 32. bxc5 dxc5 33. Nd5 Qg7 34. Rxd4
cxd4 35. Qc5 Rf7 36. Rc1 Re8 37. Nc7 Rxc7 38. Qxc7 Qxc7 39. Rxc7 d3 40. Rc1 Ba4
0-1

[Event "FIDE WYCC 2016 U14 boys"]
[Site "Khanty Mansiysk"]
[Date "2016.09.25"]
[Round "4.3"]
[White "Sam, Gabriel"]
[Black "Shevchenko, Kirill"]
[Result "1/2-1/2"]
[WhiteElo "2069"]
[BlackElo "2438"]
[Annotator "Reinhold Goldau"]
[PlyCount "54"]
[EventDate "2016.09.??"]
[EventType "swiss"]
[EventRounds "11"]
[EventCountry "RUS"]
[SourceTitle "Youth Database"]
[Source "CBase R.Goldau"]
[SourceDate "2000.03.01"]
[WhiteClock "0:54:18"]
[BlackClock "0:30:46"]

1. e4 c5 2. Nf3 d6 3. d4 cxd4 4. Nxd4 Nf6 5. Nc3 a6 6. Be3 e5 7. Nb3 Be6 8. f3
h5 9. Qd2 Nbd7 10. O-O-O Be7 11. Kb1 b5 12. g3 Nb6 13. Na5 Qc7 14. Bxb6 Qxb6
15. Nd5 Bxd5 16. exd5 Rc8 17. Nc6 Nxd5 18. Nxe7 Nxe7 19. Qxd6 Qxd6 20. Rxd6 Rc6
21. Rxc6 Nxc6 22. Bd3 Kd7 23. c3 Re8 24. Kc2 g6 25. a4 Rb8 26. g4 hxg4 27. fxg4
Ne7 1/2-1/2

[Event "FIDE WYCC 2016 U14 boys"]
[Site "Khanty Mansiysk"]
[Date "2016.09.25"]
[Round "4.4"]
[White "Yakubboev, Nodirbek"]
[Black "Peng, Hongchi"]
[Result "1-0"]
[WhiteElo "2431"]
[BlackElo "2241"]
[Annotator "Reinhold Goldau"]
[PlyCount "75"]
[EventDate "2016.09.??"]
[EventType "swiss"]
[EventRounds "11"]
[EventCountry "RUS"]
[SourceTitle "Youth Database"]
[Source "CBase R.Goldau"]
[SourceDate "2000.03.01"]
[WhiteClock "0:03:38"]
[BlackClock "0:07:20"]

1. d4 Nf6 2. Bg5 d5 3. e3 Nbd7 4. Nf3 e6 5. c4 c6 6. Nbd2 h6 7. Bh4 Be7 8. Bd3
O-O 9. Rc1 dxc4 10. Bxc4 c5 11. dxc5 Nxc5 12. O-O a6 13. Be2 b6 14. Nc4 Nd5 15.
Bxe7 Qxe7 16. Qd4 Rb8 17. Nfe5 Bb7 18. Nxb6 Nxb6 19. Qxc5 Qg5 20. Nc6 Qxc5 21.
Rxc5 Na4 22. Nxb8 Nxc5 23. Rc1 Na4 24. Nxa6 Nxb2 25. Rc7 Bxa6 26. Bxa6 Ra8 27.
Rc8+ Rxc8 28. Bxc8 Kf8 29. Ba6 Ke7 30. Kf1 Kd6 31. Bb5 Kc5 32. Be8 f6 33. Ke2
e5 34. Kf3 Nd3 35. Bg6 Ne1+ 36. Kg3 Kb4 37. f3 Ka3 38. Kf2 1-0

[Event "FIDE WYCC 2016 U14 boys"]
[Site "Khanty Mansiysk"]
[Date "2016.09.25"]
[Round "4.5"]
[White "Pitzanti, Matteo"]
[Black "Shubin, Kirill"]
[Result "1-0"]
[WhiteElo "2175"]
[BlackElo "2304"]
[Annotator "Reinhold Goldau"]
[PlyCount "71"]
[EventDate "2016.09.??"]
[EventType "swiss"]
[EventRounds "11"]
[EventCountry "RUS"]
[SourceTitle "Youth Database"]
[Source "CBase R.Goldau"]
[SourceDate "2000.03.01"]

1. d4 Nf6 2. Nf3 c5 3. e3 g6 4. Be2 Bg7 5. O-O O-O 6. Nbd2 cxd4 7. exd4 d5 8.
Re1 Nc6 9. c3 Bg4 10. Ne5 Bxe2 11. Qxe2 e6 12. Nb3 Nd7 13. Nxd7 Qxd7 14. Nc5
Qc7 15. Nd3 Rfe8 16. Bf4 Qc8 17. h4 b5 18. h5 a5 19. Qg4 b4 20. Re3 bxc3 21.
bxc3 Ne7 22. Rc1 Nf5 23. Rh3 Qd8 24. Ne5 Rc8 25. hxg6 hxg6 26. Rh1 Qe7 27. Qf3
g5 28. Bd2 Nd6 29. Qh5 Ne4 30. Be3 Rc7 31. Rh3 Kf8 32. Rf3 Bf6 33. Bxg5 Qa3 34.
Bxf6 Nxf6 35. Qh6+ Ke7 36. Qxf6+ 1-0

[Event "FIDE WYCC 2016 U14 boys"]
[Site "Khanty Mansiysk"]
[Date "2016.09.25"]
[Round "4.6"]
[White "Blohberger, Felix"]
[Black "Zhalmakhanov, Ramazan"]
[Result "1-0"]
[WhiteElo "2256"]
[BlackElo "2211"]
[Annotator "Reinhold Goldau"]
[PlyCount "129"]
[EventDate "2016.09.??"]
[EventType "swiss"]
[EventRounds "11"]
[EventCountry "RUS"]
[SourceTitle "Youth Database"]
[Source "CBase R.Goldau"]
[SourceDate "2000.03.01"]

1. d4 Nf6 2. c4 g6 3. Nf3 Bg7 4. g3 O-O 5. Bg2 c6 6. O-O d5 7. Qa4 Bf5 8. Nc3
dxc4 9. Qxc4 Nbd7 10. Re1 Ne4 11. e3 Qb6 12. Nxe4 Bxe4 13. b3 Bd5 14. Qe2 Bxf3
15. Qxf3 a5 16. Rb1 Rfd8 17. Ba3 e6 18. Red1 Qc7 19. Rbc1 Nb6 20. h4 h5 21. Qe2
a4 22. Bc5 Nd5 23. e4 Nf6 24. bxa4 Rxa4 25. d5 Bh6 26. Rb1 Re8 27. d6 Qc8 28.
Qc2 Ra6 29. Bf1 Ra8 30. a4 Bg7 31. Rb4 Rd8 32. Rdb1 Rd7 33. Bd3 Ra5 34. Bb6 Ra8
35. Be3 Ne8 36. Qb3 Kh8 37. Rxb7 Qxb7 38. Qxb7 Rxb7 39. Rxb7 Nxd6 40. Ra7 Rxa7
41. Bxa7 Bc3 42. Bb6 Bb4 43. a5 Kg8 44. a6 Nc8 45. Bd4 c5 46. Be5 c4 47. Bxc4
Bc5 48. Kf1 Kf8 49. Ke2 Na7 50. Bf4 Ke7 51. Be3 Kd6 52. f3 Nc8 53. g4 Nb6 54.
Bd3 Nd7 55. Bxc5+ Kxc5 56. gxh5 gxh5 57. a7 Nb6 58. e5 Kd4 59. Be4 Kxe5 60. Ke3
Nc4+ 61. Kf2 Nb6 62. Kg3 Kd4 63. Kf4 f6 64. a8=Q Nxa8 65. Bxa8 1-0

[Event "FIDE WYCC 2016 U14 boys"]
[Site "Khanty Mansiysk"]
[Date "2016.09.25"]
[Round "4.7"]
[White "Davtyan, Artur"]
[Black "Tomasi, Albert"]
[Result "1-0"]
[WhiteElo "2280"]
[BlackElo "2200"]
[Annotator "Reinhold Goldau"]
[PlyCount "69"]
[EventDate "2016.09.??"]
[EventType "swiss"]
[EventRounds "11"]
[EventCountry "RUS"]
[SourceTitle "Youth Database"]
[Source "CBase R.Goldau"]
[SourceDate "2000.03.01"]

1. d4 Nf6 2. c4 c5 3. d5 b5 4. cxb5 a6 5. bxa6 g6 6. Nc3 Bg7 7. Nf3 O-O 8. e4
Qa5 9. Nd2 Bxa6 10. Bxa6 Qxa6 11. Qe2 d6 12. Nc4 Nbd7 13. Bd2 Rfb8 14. b3 Rb4
15. f3 Rxb3 16. axb3 Qxa1+ 17. Qd1 Ng4 18. Ke2 Bxc3 19. Qxa1 Bxa1 20. Na5 Bd4
21. fxg4 Ne5 22. h3 Rb8 23. Rc1 Kg7 24. Rc2 e6 25. Nc4 Nxc4 26. bxc4 exd5 27.
exd5 h6 28. Ra2 Rb7 29. Ra3 Kg8 30. h4 g5 31. hxg5 hxg5 32. Bxg5 Rb2+ 33. Bd2
Be5 34. g5 Bf4 35. Rd3 1-0

[Event "FIDE WYCC 2016 U14 boys"]
[Site "Khanty Mansiysk"]
[Date "2016.09.25"]
[Round "4.8"]
[White "Zhou, Junfeng"]
[Black "Sargsyan, Shant"]
[Result "0-1"]
[WhiteElo "2125"]
[BlackElo "2440"]
[Annotator "Reinhold Goldau"]
[PlyCount "82"]
[EventDate "2016.09.??"]
[EventType "swiss"]
[EventRounds "11"]
[EventCountry "RUS"]
[SourceTitle "Youth Database"]
[Source "CBase R.Goldau"]
[SourceDate "2000.03.01"]

1. c4 Nf6 2. Nc3 c5 3. Nf3 e6 4. e3 Nc6 5. d4 d5 6. cxd5 exd5 7. Be2 cxd4 8.
Nxd4 Bd6 9. O-O O-O 10. Nf3 Bg4 11. h3 Be6 12. Nb5 Bb8 13. b3 Ne4 14. Bb2 Re8
15. Re1 a6 16. Nbd4 Bd7 17. Rc1 Qc7 18. Nxc6 bxc6 19. Qd4 f6 20. Red1 Qd6 21.
Qa4 c5 22. Qa5 Bc7 23. Qa3 Kh8 24. Bd3 Nxf2 25. Kxf2 Qg3+ 26. Kg1 Bxh3 27. Rd2
c4 28. Qc5 Bd6 29. Qxd5 cxd3 30. Qxd3 Bb4 31. Bc3 Rac8 32. a3 Bc5 33. Re1 Bg4
34. Rf2 Rcd8 35. Nd4 Bd6 36. Kf1 Qh2 37. Nf3 Bxf3 38. gxf3 Qh3+ 39. Ke2 Bg3 40.
Bd4 Qh4 41. Rg2 Rxd4 0-1

[Event "FIDE WYCC 2016 U14 boys"]
[Site "Khanty Mansiysk"]
[Date "2016.09.25"]
[Round "4.9"]
[White "Zhao, Chenxi"]
[Black "Teclaf, Pawel"]
[Result "1/2-1/2"]
[WhiteElo "2124"]
[BlackElo "2342"]
[Annotator "Reinhold Goldau"]
[PlyCount "64"]
[EventDate "2016.09.??"]
[EventType "swiss"]
[EventRounds "11"]
[EventCountry "RUS"]
[SourceTitle "Youth Database"]
[Source "CBase R.Goldau"]
[SourceDate "2000.03.01"]

1. d4 e6 2. g3 c5 3. Bg2 cxd4 4. Qxd4 d5 5. Nf3 Nc6 6. Qd1 e5 7. O-O Be7 8. c4
d4 9. e3 Nf6 10. exd4 exd4 11. a3 a5 12. Bf4 O-O 13. Ne5 Qb6 14. Nxc6 bxc6 15.
Qc2 Be6 16. Nd2 Rfd8 17. Rfe1 a4 18. Rab1 Ra5 19. b4 axb3 20. Rxb3 Qa7 21. Bxc6
Rxa3 22. Rb7 Qa6 23. Rxe7 Qxc6 24. Rc7 Qa8 25. Bg5 Ra5 26. Bxf6 gxf6 27. Rb1
Ra2 28. Rb2 Rxb2 29. Qxb2 Bh3 30. Qc1 Qb8 31. Rc6 d3 32. Nf3 d2 1/2-1/2

[Event "FIDE WYCC 2016 U14 boys"]
[Site "Khanty Mansiysk"]
[Date "2016.09.25"]
[Round "4.10"]
[White "Miyasaka, Marcus M"]
[Black "Yeritsyan, Aram"]
[Result "0-1"]
[WhiteElo "2269"]
[BlackElo "2117"]
[Annotator "Reinhold Goldau"]
[PlyCount "92"]
[EventDate "2016.09.??"]
[EventType "swiss"]
[EventRounds "11"]
[EventCountry "RUS"]
[SourceTitle "Youth Database"]
[Source "CBase R.Goldau"]
[SourceDate "2000.03.01"]

1. e4 c5 2. Nf3 e6 3. d4 cxd4 4. Nxd4 Nf6 5. Nc3 d6 6. Be2 Be7 7. O-O Nc6 8.
Be3 O-O 9. f4 e5 10. Nb3 exf4 11. Bxf4 Ne8 12. Kh1 Bg5 13. Nd5 Bxf4 14. Nxf4
Nf6 15. Bf3 Re8 16. Re1 Ne5 17. h3 g5 18. Nd3 g4 19. Nxe5 Rxe5 20. hxg4 Nxg4
21. Bxg4 Qh4+ 22. Kg1 Bxg4 23. Qxd6 Rae8 24. Re3 R8e6 25. Qb8+ Re8 26. Qxb7 Rh5
27. Rae1 Qh2+ 28. Kf2 Qf4+ 29. Kg1 Re6 30. Qc8+ Kg7 31. Qc3+ Rf6 32. Rf3 Bxf3
33. e5 Qh2+ 34. Kf2 Qxg2+ 35. Ke3 Re6 36. Nc5 Rexe5+ 37. Kd3 f6 38. Ne6+ Kh6
39. Qc8 Rd5+ 40. Kc3 Qd2+ 41. Kb3 Rb5+ 42. Kc4 Qxc2+ 43. Kd4 Rh4+ 44. Ke3 Re4+
45. Kxf3 Rf5+ 46. Kg3 Qf2+ 0-1

[Event "FIDE WYCC 2016 U14 boys"]
[Site "Khanty Mansiysk"]
[Date "2016.09.25"]
[Round "4.11"]
[White "Tarun, V Kanth"]
[Black "Quirhuayo Chumbe, German Gonza"]
[Result "1-0"]
[WhiteElo "1954"]
[BlackElo "2255"]
[Annotator "Reinhold Goldau"]
[PlyCount "93"]
[EventDate "2016.09.??"]
[EventType "swiss"]
[EventRounds "11"]
[EventCountry "RUS"]
[SourceTitle "Youth Database"]
[Source "CBase R.Goldau"]
[SourceDate "2000.03.01"]

1. b3 c5 2. Bb2 Nc6 3. Nf3 d5 4. e3 a6 5. d4 Bg4 6. Be2 Nf6 7. Nbd2 e6 8. h3
Bh5 9. O-O Rc8 10. c4 cxd4 11. Nxd4 Bxe2 12. Qxe2 Nxd4 13. Bxd4 Bc5 14. Bxc5
Rxc5 15. b4 Rc8 16. c5 O-O 17. Rfd1 Qd7 18. a4 Qe7 19. Nb3 Ne4 20. Rac1 f5 21.
f3 Ng3 22. Qe1 Nh5 23. b5 axb5 24. axb5 g5 25. c6 bxc6 26. bxc6 Rf7 27. Nd4 Rg7
28. e4 dxe4 29. fxe4 g4 30. h4 f4 31. Qa5 Qxh4 32. Nxe6 Ng3 33. Nxf4 Rf8 34.
Qd5+ Kh8 35. c7 Qh1+ 36. Kf2 Rxf4+ 37. Ke3 Rf3+ 38. gxf3 Qxf3+ 39. Kd4 Ne2+ 40.
Kc5 Rxc7+ 41. Kb6 Qe3+ 42. Kxc7 Qa7+ 43. Kd8 Qb6+ 44. Rc7 Qf6+ 45. Kc8 Qa6+ 46.
Kb8 Qb6+ 47. Rb7 1-0

[Event "FIDE WYCC 2016 U14 boys"]
[Site "Khanty Mansiysk"]
[Date "2016.09.25"]
[Round "4.13"]
[White "Ibrahimli, Murad"]
[Black "Skalsky, Alexandr"]
[Result "1-0"]
[WhiteElo "2203"]
[BlackElo "2085"]
[Annotator "Reinhold Goldau"]
[PlyCount "83"]
[EventDate "2016.09.??"]
[EventType "swiss"]
[EventRounds "11"]
[EventCountry "RUS"]
[SourceTitle "Youth Database"]
[Source "CBase R.Goldau"]
[SourceDate "2000.03.01"]

1. d4 d5 2. c4 dxc4 3. Nf3 Nf6 4. e3 b5 5. a4 b4 6. Bxc4 e6 7. O-O Be7 8. Nbd2
Bb7 9. Nb3 a5 10. Ne5 Nbd7 11. Bb5 O-O 12. Nc6 Bxc6 13. Bxc6 Ra7 14. Qe2 Ne8
15. e4 Nb8 16. Bb5 c6 17. Bd3 Nd7 18. Rd1 Kh8 19. Bf4 Bd6 20. e5 Bc7 21. Qh5 g6
22. Qh6 Kg8 23. Bg5 Qc8 24. Be4 f5 25. exf6 Rf7 26. Qh4 Bd8 27. Rac1 Nexf6 28.
Bf3 Qc7 29. Nc5 Rf8 30. Nd3 Nd5 31. Ne5 Ra8 32. Rd3 Bxg5 33. Qxg5 Qd8 34. Qg4
Qf6 35. Be4 Rab8 36. Nf3 Rb7 37. Ne5 Rc8 38. Qg3 Rd8 39. Qh3 Re8 40. Bf3 Rbb8
41. Bg4 Kg7 42. Nxd7 1-0

[Event "FIDE WYCC 2016 U14 boys"]
[Site "Khanty Mansiysk"]
[Date "2016.09.25"]
[Round "4.14"]
[White "Roseneck, Jonas"]
[Black "Nielsen, Andre"]
[Result "1-0"]
[WhiteElo "2178"]
[BlackElo "2025"]
[Annotator "Reinhold Goldau"]
[PlyCount "79"]
[EventDate "2016.09.??"]
[EventType "swiss"]
[EventRounds "11"]
[EventCountry "RUS"]
[SourceTitle "Youth Database"]
[Source "CBase R.Goldau"]
[SourceDate "2000.03.01"]

1. e4 c5 2. Nf3 d6 3. d4 cxd4 4. Nxd4 Nf6 5. Nc3 g6 6. Be3 Bg7 7. f3 O-O 8. Qd2
Nc6 9. g4 Be6 10. Nxe6 fxe6 11. O-O-O Ne5 12. Be2 Qc8 13. h4 Nc4 14. Bxc4 Qxc4
15. h5 Nd7 16. hxg6 hxg6 17. f4 Rac8 18. Qh2 Kf7 19. f5 exf5 20. exf5 Ke8 21.
Rhe1 Ne5 22. Qg2 b5 23. Kb1 b4 24. Nd5 Rc6 25. b3 Qa6 26. Nxb4 Qa3 27. Bc1 Qxb4
28. Rxe5 Bxe5 29. Qxc6+ Kf7 30. Rh1 Qc3 31. Qxc3 Bxc3 32. Rh3 Be5 33. fxg6+ Ke6
34. Bb2 Rg8 35. Bxe5 Kxe5 36. Rh7 Rxg6 37. Rxe7+ Kf4 38. Rxa7 Rxg4 39. Rd7 Ke5
40. a4 1-0

[Event "FIDE WYCC 2016 U14 boys"]
[Site "Khanty Mansiysk"]
[Date "2016.09.25"]
[Round "4.15"]
[White "Pavlov, Danila"]
[Black "Piccoli, Lucas Fonseca"]
[Result "1-0"]
[WhiteElo "2157"]
[BlackElo "1816"]
[Annotator "Reinhold Goldau"]
[PlyCount "101"]
[EventDate "2016.09.??"]
[EventType "swiss"]
[EventRounds "11"]
[EventCountry "RUS"]
[SourceTitle "Youth Database"]
[Source "CBase R.Goldau"]
[SourceDate "2000.03.01"]

1. e4 c6 2. Nc3 d5 3. Nf3 Bg4 4. h3 Bxf3 5. Qxf3 e6 6. d4 dxe4 7. Qxe4 Nf6 8.
Qd3 Nbd7 9. g3 g6 10. Bg2 Bg7 11. Be3 Nb6 12. O-O-O O-O 13. g4 Qc7 14. Ne2 Rfd8
15. Bf4 Qe7 16. Qf3 Nfd5 17. Bg3 Rac8 18. h4 c5 19. Be5 f6 20. Bg3 cxd4 21.
Nxd4 e5 22. Nb5 a6 23. Qb3 Qf7 24. Na3 Bf8 25. Rd3 Bxa3 26. bxa3 Rc5 27. a4
Rdc8 28. Kb1 Rc4 29. Rhd1 Rb4 30. Rxd5 Rxb3+ 31. axb3 Qc7 32. R5d2 a5 33. Be4
Qc3 34. f3 Qb4 35. Be1 Qe7 36. Rd6 Na8 37. Rd7 Qf8 38. Bxb7 Rb8 39. Bxa5 Qc5
40. Bd5+ Kh8 41. Bd8 Rxd8 42. Rxd8+ Kg7 43. Bxa8 Qf2 44. g5 Kf7 45. Bd5+ Ke7
46. Bc4 fxg5 47. hxg5 Qa7 48. R8d7+ Qxd7 49. Rxd7+ Kxd7 50. Bg8 Kd6 51. Bxh7
1-0

[Event "FIDE WYCC 2016 U14 boys"]
[Site "Khanty Mansiysk"]
[Date "2016.09.25"]
[Round "4.16"]
[White "Haring, Filip"]
[Black "Hua, Eugene"]
[Result "0-1"]
[WhiteElo "2099"]
[BlackElo "2142"]
[Annotator "Reinhold Goldau"]
[PlyCount "118"]
[EventDate "2016.09.??"]
[EventType "swiss"]
[EventRounds "11"]
[EventCountry "RUS"]
[SourceTitle "Youth Database"]
[Source "CBase R.Goldau"]
[SourceDate "2000.03.01"]

1. e4 c5 2. Nf3 e6 3. d4 cxd4 4. Nxd4 Nc6 5. Nc3 Qc7 6. Ndb5 Qb8 7. Be3 a6 8.
Bb6 axb5 9. Nxb5 Bb4+ 10. c3 Ba5 11. Nc7+ Qxc7 12. Bxc7 Bxc7 13. Qg4 g6 14. f4
Nf6 15. Qf3 d5 16. e5 Ne4 17. Bd3 Nc5 18. Bc2 b5 19. O-O Bb6 20. Kh1 b4 21.
Rfd1 Bb7 22. Qe2 Ba6 23. Qg4 Ba5 24. Qh3 h5 25. cxb4 Nxb4 26. Qa3 Bc4 27. Rac1
O-O 28. Bb1 Rfc8 29. b3 Bb5 30. h3 h4 31. Qb2 Nbd3 32. Bxd3 Nxd3 33. Rxc8+ Rxc8
34. Qe2 Rc3 35. a4 Ba6 36. Rb1 Bb6 37. Qd2 Nf2+ 38. Kh2 Ne4 39. Qb2 Be3 40. b4
Bxf4+ 41. Kg1 Bd3 42. Re1 Bxe5 43. b5 Bd4+ 44. Kh2 Rc4 45. Qa3 Nc5 46. b6 Rxa4
47. Qc1 Rb4 48. Qg5 Kg7 49. Qd8 Ne4 50. Rd1 Bxb6 51. Qxh4 Bf2 52. Qe7 Bg3+ 53.
Kg1 Rb3 54. h4 Be2 55. Rc1 Bd6 56. Qa7 Rd3 57. Qa1+ Kh7 58. Qb2 Rd2 59. Rc2
Rd1# 0-1